| 000 | 00423nam a22001457a 4500 | ||
|---|---|---|---|
| 020 | _a0-19-510725-x | ||
| 082 |
_a621.815 _bCRA _cN-01, P-90 |
||
| 100 |
_aCraver Jr, Lionel W _942008 |
||
| 245 |
_aIntroduction to engineering _cCraver. Schroder. Traquin |
||
| 260 |
_aNow York _bOxford University Press _c1987 |
||
| 300 | _axi, 595.p: | ||
| 526 |
_a0 _b0 _c0 _d621_815000000000000_CRA |
||
| 650 |
_aMCE _9379 |
||
| 942 |
_2ddc _cBK |
||
| 999 |
_c546012 _d546012 |
||